Delitos contra la función pública : el derecho penal frente a la corrupción política, administrativa y judicial

Saved in:
Bibliographic Details
Main Author: Rodríguez Collao, Luis Ramón (autor)
Other Authors: Ossandón Widow, María Magdalena (autora)
Format: Book
Language:Spanish
Published: Santiago Jurídica de Chile 2005
Edition:1a. ed
Subjects:
Tags: Add Tag
No Tags, Be the first to tag this record!

MARC

LEADER 00000nam a2200000 a 4500
001 UCK6421
003 CL-VaPUC
008 050930e20050600CL |||||||||||||||||spa|d
020 |a 9561016184 
082 0 4 |a 364.1323  |b ROD  |2 21 
100 |a Rodríguez Collao, Luis Ramón  |e autor  |9 737987 
700 |a Ossandón Widow, María Magdalena  |e autora  |9 864069 
245 1 0 |a Delitos contra la función pública : el derecho penal frente a la corrupción política, administrativa y judicial 
250 |a 1a. ed 
300 |a 498 p 
942 |c BK 
945 |d 20050930 00:00:00  |a jcarroza 
260 |a Santiago  |b Jurídica de Chile  |c 2005 
650 0 |a Función pública  |9 343165 
650 0 |a Corrupción administrativa  |9 495722 
650 7 |a FUCIONARIOS PUBLICOS  |2 CL-VaPUC  |9 495723 
650 0 |a Corrupción política  |9 376572 
650 0 |a Justicia   |9 255408 
650 7 |a DERECHO PENAL  |2 CL-VaPUC  |9 11 
651 7 |a CHILE  |2 CL-VaPUC  |9 495724 
583 |a last modification  |c 20050930 00:00:00  |k Rodrigo Vera 
999 |c 314708  |d 314706 
952 |0 0  |1 0  |4 0  |6 364_132300000000000_ROD_2005  |7 0  |8 A  |9 387383  |a BIBDER  |b BIBDER  |d 2019-11-22  |i 4169034  |o 364.1323 ROD 2005  |p 4169034  |r 2023-08-18  |w 2019-11-22  |y BK  |k DER 
952 |0 0  |1 0  |2 ddc  |4 0  |6 364_132300000000000_ROD_2005  |7 1  |8 C_LRYV  |9 387384  |a BIBDER  |b BIBDER  |d 2019-11-22  |i 4169042  |o 364.1323 ROD 2005  |p 4169042  |r 2023-01-25  |w 2019-11-22  |y BK_X  |k BRV